| 000 | 00779 a2200181 4500 | ||
|---|---|---|---|
| 003 | NUST | ||
| 005 | 20230707100350.0 | ||
| 040 | _cNust | ||
| 082 | _a515,COO | ||
| 100 |
_aH. O. Cooper _9113446 |
||
| 245 |
_aSlide rule calculations / _cCooper,H.O |
||
| 260 |
_aLondon _b H. Milford, Oxford University Press _c1931 |
||
| 300 | _a131p.; | ||
| 505 | _aCommon logarithms (Page-1), Slide rule scales (Page-8), Multiplication and division (Page-15), Proportion and percentage (Page-29), Squares and square roots (Page-39), Cubes and cube roots (Page-46), Reversed slide methods (Page-54), The scale for reading logarithms (Page-60), Log log scales (Page-81), Applications (Page-92). | ||
| 600 |
_aH. O. Cooper. _9113446 |
||
| 610 |
_aSlide rule _9113447 |
||
| 942 |
_2ddc _cBK _k515,COO |
||
| 999 |
_c180213 _d180213 |
||